Statystyki dla Największe miasta wg kontynentów

Kliknij tutaj aby rozwiązać quiz!

Ogólne statystyki

  • Ten quiz został rozwiązany 377 razy
  • Średni wynik to 17 z 30

Statystyki odpowiedzi

Afryka % poprawnych
3.Londyn14,7 mln
93%
1.Moskwa17,2 mln
93%
2.Nowy Jork22,4 mln
91%
4.Paryż11,4 mln
89%
2.Tokio40,2 mln
88%
1.Sydney5,2 mln
87%
5.Madryt6,4 mln
84%
3.Los Angeles17,8 mln
81%
1.Kair20,5 mln
77%
1.Meksyk22,8 mln
75%
2.Stambuł15,8 mln
73%
3.Rio de Janeiro13,1 mln
73%
2.Buenos Aires16,3 mln
70%
3.Szanghaj35,9 mln
60%
1.Sao Paulo22,2 mln
58%
4.Chicago9,7 mln
56%
5.Waszyngton8,5 mln
53%
5.Bogota9,8 mln
53%
2.Melbourne4,8 mln
50%
4.Lima9,9 mln
44%
5.Delhi29,4 mln
44%
3.Johannesburg13,7 mln
43%
2.Lagos18,8 mln
34%
4.Dżakarta30,6 mln
33%
4.Perth2,0 mln
32%
4.Kinszasa12,0 mln
30%
1.Guangzhou (Kanton)45,6 mln
25%
5.Auckland1,5 mln
19%
3.Brisbane3,0 mln
17%
5.Luanda7,9 mln
11%

Rozkład punktacji

Percentyl według liczby udzielonych odpowiedzi

Procent ludzi z każdym wynikiem

Twoja historia wyników

Nie rozwiązałeś tego quizu